00939nam a22001817a 4500003000400000005001700004008004100021040000800062082001400070100004000084245014800124264005200272300002900324502032800353650002300681650002700704650002600731OSt20251114085546.0251114b |||||||| |||| 00| 0 eng d cDCL aT-2 Ph.D.0 aVannasiri, U, Venb2007/ Ph.D. /5571 aAn annotated Translation of the Pārājikakaṇḍa of the Samantapāsādikā Together with a general introduction /cby Ven. U Vannasiri. aSri Lanka :bThe University of Kelaniya,c2011. axii, 385 pages ;c30 cm. aThis Dissertation consists of two parts - a general introduction and an annotated translation of the commentary on the first of Pārājika of the Samantapāsādikā(sp). And the second part is devoted to the annotated translation of the commentry on the first Pārājika. bPh. D.cThe University of Kelaniya,d2011. aPh.D. Dissertation aPārājikakaṇḍa  aSamantapāsādikā